=LDR 00000nam 2200000 4500 =001 000254 =005 20250710121851 =035 ##$$a 0010-0725000085 =245 1#$$a Engkaukah Pelatuk Itu? /$c Suhel Quader =100 #$$a Quader,Suhel =250 ##$$a Pertama =300 ##$$a 20hlm. : $b ilus. ; $c 22,9cm =856 ##$$a TBM AS-SYUHADA =700 #$$a Kalyani Ganapathy =260 ##$$a Jakarta Timur :$b Badan Pengembangan dan Pembinaan Bahasa,$c 2022 =082 ##$$a 398.209 598 =650 #4$$a cerita anak indonesia-terjemahan